书目信息 |
| 题名: |
中国动物图谱
|
|
| 作者: | 沈嘉瑞 著 ;中国科学院北京动物研究所甲壳动物研究组 编著 | |
| 分册: | 第二册 甲壳动物 | |
| 出版信息: | 北京 科学出版社 1975 |
|
| 页数: | 141页 | |
| 开本: | 26cm | |
| 丛书名: | ||
| 单 册: | ||
| 中图分类: | Q959.223 | |
| 科图分类: | ||
| 主题词: | 动物学:分类学 , 动物--中国--图谱 | |
| 电子资源: | ||
| ISBN: | ||
| 000 | 00788nam0 2200241 45 | |
| 001 | 0175004037 | |
| 005 | 20061122153808.34 | |
| 010 | @dCNY1.40 | |
| 100 | @a19951030d1975 em y0chiy0121 ea | |
| 101 | 0 | @achi |
| 102 | @aCN@b110000 | |
| 105 | @aa z 000yy | |
| 200 | 10 | @a中国动物图谱@Azhong guo dong wu tu pu@i甲壳动物@h第二册@f沈嘉瑞等著@Fshen jia rui deng zhu |
| 210 | @a北京@c科学出版社@d1975 | |
| 215 | @a141页@d26cm | |
| 606 | 0 | @a动物学:分类学 |
| 606 | @a动物@y中国@x图谱 | |
| 690 | @aQ959.223@v3 | |
| 701 | 0 | @a沈嘉瑞@Ashen jia rui@4著 |
| 711 | 02 | @a中国科学院北京动物研究所甲壳动物研究组@Azhong guo qiao xue yuan bei jing dong wu yan jiu suo jia ke dong wu yan jiu zu@4编著 |
| 801 | 0 | @aCN@bTSSF@c20061122 |
| 801 | 2 | @aCN@bNLC@c20061122 |
| 905 | @a10447@dQ959.223@e28:2 | |
| 中国动物图谱.甲壳动物.第二册/沈嘉瑞等著.-北京:科学出版社,1975 |
| 141页;26cm |
| ISBN :CNY1.40 |
| ● |
| 相关链接 |
|
|
|
|
正题名:中国动物图谱
索取号:Q959.223/28:2
 
预约/预借
| 序号 | 登录号 | 条形码 | 馆藏地/架位号 | 状态 | 备注 |
| 1 | 0249132 | 202450098 | 第二样本阅览室/ [索取号:Q959.223/28:2] | 在馆 |